Statistiques concernant Quel groupe de luxe ?

Cliquez ici pour prendre le quiz!

Statistiques générales

  • Ce quiz a été pris 299 fois
  • Le résultat moyen est 7 sur 18

Statistiques - réponses

HintRéponse% Correct
Louis VuittonLVMH
78%
Christian DiorLVMH
73%
CelineLVMH
62%
SephoraLVMH
55%
Vacheron ConstantinRichemont
47%
FendiLVMH
46%
GucciKering
44%
HublotLVMH
36%
BalenciagaKering
34%
PiagetRichemont
29%
HermèsAutre
28%
ChanelAutre
26%
MontblancRichemont
24%
L'OréalAutre
23%
Saint LaurentKering
21%
Estée LauderAutre
19%
CartierRichemont
19%
PradaAutre
14%

Distribution des résultats

Percentile par nombre de réponses

% des personnes avec chaque résultat

Votre développement - résultats

Vous n’avez pas pris ce quiz